Current AFL Players Born Outside Australia - Statistics

General Stats
  • This quiz has been taken 26 times
  • The average score is 10 of 20
Answer Stats
Team Nation Answer % Correct
Collingwood United States Mason Cox
100%
Hawthorn Ethiopia Changkuoth Jiath
81%
Geelong Ireland Zach Tuohy
81%
Port Adelaide Kenya Aliir Aliir
71%
Brisbane Lions Ireland Conor McKenna
71%
Collingwood Belarus Oleg Markov
71%
Adelaide Ireland Mark Keane
67%
Western Bulldogs South Sudan Buku Khamis
62%
Hawthorn South Sudan Mabior Chol
57%
Essendon Canada Andrew McGrath
52%
Hawthorn Ireland Conor Nash
48%
Fremantle South Sudan Michael Frederick
48%
Geelong Ireland Mark O'Connor
43%
Western Bulldogs South Africa Jason Johannisen
38%
GWS United Kingdom Connor Idun
29%
Brisbane Lions Ireland Darragh Joyce
24%
Gold Coast Papua New Guinea Hewago Oea
19%
North Melbourne United Kingdom Aidan Corr
10%
Brisbane Lions Ireland James Madden
10%
St Kilda New Zealand Rowan Marshall
10%
No matching quizzes found
Score Distribution
Percent of People with Each Score
Percentile by Number Answered
Your Score History
You have not taken this quiz